I Warbot : (Record no. 591319)
[ view plain ]
| 000 -LEADER | |
|---|---|
| fixed length control field | 00627nam a2200157 4500 |
| 003 - CONTROL NUMBER IDENTIFIER | |
| control field | NUST |
| 005 - DATE AND TIME OF LATEST TRANSACTION | |
| control field | 20220825110029.0 |
| 020 ## - INTERNATIONAL STANDARD BOOK NUMBER | |
| International Standard Book Number | 9781787384620 |
| 082 ## - DEWEY DECIMAL CLASSIFICATION NUMBER | |
| Classification number | 355.00285,PAY |
| 100 ## - MAIN ENTRY--PERSONAL NAME | |
| Personal name | Payne, Kenneth |
| 9 (RLIN) | 98500 |
| 245 ## - TITLE STATEMENT | |
| Title | I Warbot : |
| Remainder of title | The Dawn of artificial intelligent / |
| Statement of responsibility, etc. | Kenneth Payne |
| 260 ## - PUBLICATION, DISTRIBUTION, ETC. | |
| Linkage | Hurst |
| Name of publisher, distributor, etc. | London |
| Date of publication, distribution, etc. | 2021 |
| 300 ## - PHYSICAL DESCRIPTION | |
| Extent | 321 p |
| 505 ## - FORMATTED CONTENTS NOTE | |
| Formatted contents note | Introduction a call to arms (Page-1), How to build a warbot (Page-21), Deep warbots (Page-57), i-Battle is joind (Page-81), Minds make strategy (Page-137), The art of i-War (Page-165), Human machine teams (Page-181), Rules for warbots (Page-219), |
| 942 ## - ADDED ENTRY ELEMENTS (KOHA) | |
| Source of classification or shelving scheme | |
| Koha item type | Book |
| Withdrawn status | Lost status | Source of classification or shelving scheme | Damaged status | Not for loan | Permanent Location | Current Location | Shelving location | Date acquired | Shelving control number | Full call number | Barcode | Date last seen | Price effective from | Koha item type | Public note |
|---|---|---|---|---|---|---|---|---|---|---|---|---|---|---|---|
| Military College of Signals (MCS) | Military College of Signals (MCS) | General Stacks | 08/25/2022 | History | 355.00285,PAY | MCS38595 | 08/25/2022 | 08/25/2022 | Book | Almirah Fresh No.44, Shelf No.4 |
